Conflicted identities and multiple masculinities : men in the medieval west (Record no. 136902)

MARC details
000 -LEADER
fixed length control field 00873nam a2200265Ia 4500
008 - FIXED-LENGTH DATA ELEMENTS--GENERAL INFORMATION
fixed length control field 191130s1999##################000#0#eng##
020 ## - INTERNATIONAL STANDARD BOOK NUMBER
ISBN 9780815330301
082 ## - DEWEY DECIMAL CLASSIFICATION NUMBER
Classification number 305.31094 MUR
245 ## - TITLE STATEMENT
Title Conflicted identities and multiple masculinities : men in the medieval west
Statement of responsibility, etc edited by Jacqueline Murray
260 ## - PUBLICATION, DISTRIBUTION, ETC. (IMPRINT)
Place of publication New York
Name of publisher Garland
Year of publication 1999
300 ## - PHYSICAL DESCRIPTION
Number of Pages xx, 308 p. : ill. ; 23 cm
500 ## - GENERAL NOTE
General note Includes Index
650 ## - SUBJECT ADDED ENTRY--TOPICAL TERM
Topical Term Europe - Social conditions - To 1492
Topical Term Masculinity - Europe - History
Topical Term Masculinity - Europe - History - 476-1492
Topical Term Men - Europe - History
Topical Term Men - Europe - History - 476-1492
Topical Term Sex role - Europe - History
700 ## - ADDED ENTRY--PERSONAL NAME
Personal name Murray, Jacqueline
991 ## -
-- 247956
Holdings
Withdrawn status Lost status Damaged status Not for loan Home library Current library Shelving location Date acquired Full call number Accession Number Price effective from Koha item type
        Anna Centenary Library Anna Centenary Library 3RD FLOOR, B WING 12.10.2020 305.31094 MUR 288509 12.10.2020 English Books

Find us on the map